000 00432nam a2200157 4500
001 132120
003 ES-MaACL
005 20230906194117.0
007 t|
008 070214s1948 sp r ||||1| spa d
100 1 _aRojas, Luis.
_999050
245 1 0 _aSentida presencia /
_cLuis Rojas.
260 _aBadajoz :
_b[s.n.],
_c1948 (
_fTip. Viuda de A. Arqueros)
300 _a51 p. ;
_c16 cm.
852 _aES-MaACL
_j1786-F-21
_bR.26623
999 _c132120
_d132120